[Event "COL-chT"]
[Site "Ibague"]
[Date "2017.07.19"]
[Round "1.4"]
[White "Blanco Carvajal, Erley"]
[Black "Lora, Joel Fernando"]
[Result "0-1"]
[WhiteElo "1600"]
[BlackElo "2204"]
[PlyCount "106"]
[EventDate "2017.07.19"]
[EventType "team-swiss"]
[EventRounds "6"]
[EventCountry "COL"]
[SourceTitle "CBM 179 Extra"]
[Source "ChessBase"]
[SourceDate "2017.08.23"]
[SourceVersion "1"]
[SourceVersionDate "2017.08.23"]
[SourceQuality "1"]
[WhiteTeam "Cesar"]
[BlackTeam "Bolivar"]
[WhiteTeamCountry "COL"]
[BlackTeamCountry "COL"]

1. e4 e5 2. Nf3 Nc6 3. Bb5 a6 4. Ba4 Nf6 5. 0-0 Be7 6. c3 b5 7. Bb3 d6 8. d3 0-0 9. Re1 Na5 10. Bc2 c5 11. Nbd2 Re8 12. Nf1 Bf8 13. Ng3 g6 14. b4 cxb4 15. cxb4 Nc6 16. a3 Bg4 17. h3 Bxf3 18. Qxf3 Nd4 19. Qd1 Qc7 20. Bb3 Qc3 21. Rb1 Rac8 22. Ne2 Nxe2+ 23. Qxe2 Qc7 24. Bg5 Bg7 25. Rbc1 Qe7 26. Bd5 h6 27. Bxf6 Bxf6 28. Rc2 Qd7 29. Rec1 Bg5 30. Rxc8 Rxc8 31. Rxc8+ Qxc8 32. Qa2 Kg7 33. Kh2 Qc7 34. a4 h5 35. axb5 axb5 36. g3 h4 37. Kg2 hxg3 38. fxg3 Be3 39. Qe2 Qc1 40. Qf1 Qd2+ 41. Kh1 f6 42. Qb1 Qf2 43. Qd1 Qxg3 44. Qg4 Qe1+ 45. Kg2 Qd2+ 46. Kh1 Qxb4 47. h4 Qe1+ 48. Kg2 Qf2+ 49. Kh1 Bf4 50. Qh3 Bg3 51. h5 Qf3+ 52. Kg1 Bf2+ 53. Kh2 Bg1+ 0-1